000 00501nam a2200193Ia 4500
003 GCL
008 140319s9999 xx 000 0 eng d
040 _aGCL /
_cGCL
082 0 4 _a943.7
_bT T
100 1 _aPELISEK, VACLAV
245 1 0 _aTCHECOSLOVAQUIE CHENMINS ET PERSPECTIVES /
_cPELISEK, VACLAV
700 1 _aTUCKOVA, ANNA
700 1 _aMLYNAR, ZDENEK
700 1 _aSEKERA, JIRI
260 _a[S.N] :
_bORBIS PRAGUE ،
_c1965
300 _a151 P
650 0 4 _aCZECHOLAVAK
942 _2ddc
_cBK
999 _c15452
_d15452